[Event "GRE-chT 45th"]
[Site "Achaia"]
[Date "2017.07.03"]
[Round "1.11"]
[White "Dalianis, Georgios"]
[Black "Nikolaou, Spiridon"]
[Result "0-1"]
[WhiteElo "1592"]
[BlackElo "2231"]
[PlyCount "68"]
[EventDate "2017.07.03"]
[EventType "team-swiss"]
[EventRounds "7"]
[EventCountry "GRE"]
[SourceTitle "CBM 179 Extra"]
[Source "ChessBase"]
[SourceDate "2017.08.23"]
[SourceVersion "1"]
[SourceVersionDate "2017.08.23"]
[SourceQuality "1"]
[WhiteTeam "Patron Sailing"]
[BlackTeam "Korinthias Argonaftis"]
[WhiteTeamCountry "GRE"]
[BlackTeamCountry "GRE"]

1. e4 e5 2. Nf3 Nc6 3. Bc4 Nf6 4. d3 Be7 5. 0-0 0-0 6. c3 d5 7. exd5 Nxd5 8. h3 Nb6 9. Bb3 Bf5 10. Re1 Bf6 11. Bc2 Qd7 12. Bg5 Bxg5 13. Nxg5 Rad8 14. Ne4 Nd5 15. Qf3 Bg6 16. Na3 Qe7 17. Rad1 f5 18. Ng3 Nxc3 19. Bb3+ Kh8 20. bxc3 Qxa3 21. Bd5 Be8 22. Rb1 Qxc3 23. Ne2 Qc5 24. Bc4 e4 25. Qg3 exd3 26. Bxd3 Qd6 27. Nf4 Nd4 28. Rxb7 g5 29. Ne2 f4 30. Qh2 Bc6 31. Rxa7 Nxe2+ 32. Bxe2 Qd2 33. Kf1 Qxe2+ 34. Kxe2 Rfe8+ 0-1

[Event "Thessaloniki Triandria op 10th"]
[Site "Thessaloniki"]
[Date "2017.04.22"]
[Round "7"]
[White "Ioannidis, Evgenios"]
[Black "Nikolaou, Spiridon"]
[Result "1/2-1/2"]
[WhiteElo "2356"]
[BlackElo "2182"]
[PlyCount "85"]
[EventDate "2017.04.17"]
[EventType "swiss"]
[EventRounds "9"]
[EventCountry "GRE"]
[SourceTitle "CBM 178 Extra"]
[Source "ChessBase"]
[SourceDate "2017.06.22"]
[SourceVersion "1"]
[SourceVersionDate "2017.06.22"]
[SourceQuality "1"]

1. d4 Nf6 2. c4 g6 3. Nf3 Bg7 4. g3 c6 5. Bg2 d5 6. cxd5 cxd5 7. Ne5 0-0 8. Nc3 Nc6 9. 0-0 Bf5 10. Nxc6 bxc6 11. Bf4 Nd7 12. Na4 Qa5 13. b3 Qb4 14. Rc1 Rfc8 15. Be3 e6 16. Qe1 Qb5 17. h3 h5 18. Qd2 Rab8 19. f3 e5 20. dxe5 Bxe5 21. f4 d4 22. Bxd4 Bxd4+ 23. Qxd4 Qxe2 24. Rf2 Qe6 25. Kh2 c5 26. Qc3 c4 27. bxc4 Qa6 28. Nb2 Qxa2 29. Nd1 Qa4 30. Ne3 Rb3 31. Qd4 Rd3 32. Ra1 Rxd4 33. Rxa4 Bd3 34. Rxa7 Nb6 35. Nd5 Nxd5 36. cxd5 Rc2 37. Ra2 Rxf2 38. Rxf2 Bc4 39. Rb2 Rd1 40. Bf3 Rd4 41. Bg2 Rd1 42. Bf3 Rd4 43. Bg2 1/2-1/2

[Event "Thessaloniki Triandria op 10th"]
[Site "Thessaloniki"]
[Date "2017.04.21"]
[Round "6"]
[White "Nikolaou, Spiridon"]
[Black "Lazov, Toni"]
[Result "1-0"]
[WhiteElo "2182"]
[BlackElo "2310"]
[PlyCount "59"]
[EventDate "2017.04.17"]
[EventType "swiss"]
[EventRounds "9"]
[EventCountry "GRE"]
[SourceTitle "CBM 178 Extra"]
[Source "ChessBase"]
[SourceDate "2017.06.22"]
[SourceVersion "1"]
[SourceVersionDate "2017.06.22"]
[SourceQuality "1"]

1. d4 Nf6 2. c4 g6 3. Nc3 Bg7 4. e4 d6 5. Be2 0-0 6. Be3 e5 7. d5 a5 8. g4 c6 9. h4 cxd5 10. cxd5 a4 11. g5 Nh5 12. Bxh5 gxh5 13. Qxh5 f5 14. gxf6 Qxf6 15. Nge2 Kh8 16. Rg1 Bd7 17. Kd2 b5 18. a3 Na6 19. Rg3 Be8 20. Qg4 Bh6 21. Rag1 Bxe3+ 22. fxe3 Bg6 23. h5 Bf7 24. Rf1 Qh6 25. Rf5 Nc5 26. Rgf3 Bg8 27. Ng3 Nb3+ 28. Kc2 b4 29. axb4 a3 30. Kxb3 1-0

[Event "Ambelokipi op 162th"]
[Site "Athens"]
[Date "2017.02.01"]
[Round "4"]
[White "Kollias, Georgios"]
[Black "Nikolaou, Spiridon"]
[Result "0-1"]
[WhiteElo "1602"]
[BlackElo "2167"]
[PlyCount "75"]
[EventDate "2017.01.11"]
[EventType "swiss"]
[EventRounds "7"]
[EventCountry "GRE"]
[SourceTitle "EXT 2024"]
[Source "ChessBase"]
[SourceDate "2023.10.10"]
[SourceVersion "1"]
[SourceVersionDate "2023.10.10"]
[SourceQuality "1"]

1. d4 Nf6 2. c4 g6 3. Nc3 Bg7 4. Nf3 0-0 5. Bg5 c5 6. d5 Qa5 7. Qd2 d6 8. h3 Na6 9. Rc1 Nc7 10. e4 e6 11. Qf4 e5 12. Qh4 Nce8 13. Bd3 Nh5 14. g4 Nf4 15. Bf1 f5 16. gxf5 gxf5 17. Bxf4 exf4 18. Bd3 Qb4 19. 0-0 Qxb2 20. Ne2 Qf6 21. Qxf6 Rxf6 22. exf5 Bxf5 23. Bxf5 Rxf5 24. Kh2 Nf6 25. Nc3 Nd7 26. Nb5 Ne5 27. Nxe5 Bxe5 28. f3 Rf7 29. Rc2 a6 30. Na3 Rg7 31. Nb1 b5 32. Nd2 b4 33. Ne4 Kf7 34. Re2 Rc8 35. Rg1 Rxg1 36. Kxg1 a5 37. Kf1 a4 38. Nd2 0-1

[Event "Athens ChessSquare New Year"]
[Site "Athens"]
[Date "2017.01.06"]
[Round "7"]
[White "Krallis, Christos"]
[Black "Nikolaou, Spiridon"]
[Result "0-1"]
[WhiteElo "2023"]
[BlackElo "2167"]
[PlyCount "70"]
[EventDate "2017.01.01"]
[EventType "swiss"]
[EventRounds "9"]
[EventCountry "GRE"]
[SourceTitle "EXT 2024"]
[Source "ChessBase"]
[SourceDate "2023.10.10"]
[SourceVersion "1"]
[SourceVersionDate "2023.10.10"]
[SourceQuality "1"]

1. e4 e5 2. Nf3 Nc6 3. Nc3 Nge7 4. Bc4 Ng6 5. d4 Be7 6. Be3 d6 7. dxe5 dxe5 8. Nd5 0-0 9. h4 Be6 10. Qe2 Bxd5 11. Bxd5 Nd4 12. Nxd4 exd4 13. 0-0-0 dxe3 14. Bxf7+ Rxf7 15. Rxd8+ Rxd8 16. Qxe3 Nxh4 17. Qxa7 Nxg2 18. Qxb7 Rxf2 19. Qxc7 Rdd2 20. Qc8+ Bf8 21. Qc3 Rde2 22. Kb1 Ne3 23. Qb3+ Kh8 24. c3 g5 25. e5 g4 26. Qb7 Rxb2+ 27. Qxb2 Rxb2+ 28. Kxb2 g3 29. a4 g2 30. Rg1 h5 31. a5 Bc5 32. Kb3 h4 33. a6 h3 34. e6 Nf5 35. a7 Bxa7 0-1

[Event "Athens ChessSquare New Year"]
[Site "Athens"]
[Date "2017.01.06"]
[Round "6"]
[White "Nikolaou, Spiridon"]
[Black "Loutragotis, Dimitrios"]
[Result "1/2-1/2"]
[WhiteElo "2167"]
[BlackElo "2167"]
[PlyCount "124"]
[EventDate "2017.01.01"]
[EventType "swiss"]
[EventRounds "9"]
[EventCountry "GRE"]
[SourceTitle "EXT 2024"]
[Source "ChessBase"]
[SourceDate "2023.10.10"]
[SourceVersion "1"]
[SourceVersionDate "2023.10.10"]
[SourceQuality "1"]

1. d4 Nf6 2. c4 g6 3. Nc3 Bg7 4. e4 d6 5. Be2 0-0 6. Be3 e5 7. d5 Na6 8. h4 Nc5 9. Qc2 c6 10. h5 cxd5 11. cxd5 Bd7 12. b4 Na6 13. a3 Rc8 14. Qd2 Nc7 15. hxg6 fxg6 16. Nh3 Qe8 17. a4 Na6 18. Rb1 Qe7 19. f3 Nh5 20. g4 Ng3 21. Rg1 Nxe2 22. Kxe2 Rc4 23. Nb5 Rfc8 24. Rgc1 Rxc1 25. Rxc1 Rxc1 26. Qxc1 Nxb4 27. Bxa7 Na6 28. Be3 Bf8 29. Nf2 Qd8 30. Qc4 Be7 31. Na7 h5 32. Nc6 Qe8 33. Nxe5 b5 34. Qa2 Nb4 35. Qb3 dxe5 36. d6+ Qf7 37. Qxb4 Qa2+ 38. Kf1 Bh4 39. axb5 Bxf2 40. Bxf2 hxg4 41. b6 g3 42. Bxg3 Bh3+ 43. Ke1 Qa1+ 44. Kd2 Qa2+ 45. Kc1 Qa1+ 46. Kc2 Qa2+ 47. Qb2 Qc4+ 48. Kd2 Bf1 49. b7 Qe2+ 50. Kc1 Qe3+ 51. Qd2 Qa3+ 52. Qb2 Qe3+ 53. Qd2 Qa3+ 54. Kd1 Qxf3+ 55. Ke1 Qxg3+ 56. Kxf1 Qf3+ 57. Kg1 Qg3+ 58. Kf1 Qf3+ 59. Kg1 Qg3+ 60. Qg2 Qe1+ 61. Kh2 Qh4+ 62. Kg1 Qe1+ 1/2-1/2

[Event "Athens ChessSquare New Year"]
[Site "Athens"]
[Date "2017.01.05"]
[Round "5"]
[White "Gamback, Bjorn"]
[Black "Nikolaou, Spiridon"]
[Result "0-1"]
[WhiteElo "2166"]
[BlackElo "2167"]
[PlyCount "98"]
[EventDate "2017.01.01"]
[EventType "swiss"]
[EventRounds "9"]
[EventCountry "GRE"]
[SourceTitle "EXT 2024"]
[Source "ChessBase"]
[SourceDate "2023.10.10"]
[SourceVersion "1"]
[SourceVersionDate "2023.10.10"]
[SourceQuality "1"]

1. e4 c5 2. Nf3 Nc6 3. c3 d5 4. exd5 Qxd5 5. d4 Bf5 6. Na3 cxd4 7. Nb5 0-0-0 8. cxd4 e5 9. Qa4 Bb4+ 10. Bd2 Bxd2+ 11. Nxd2 a6 12. Na3 Qxd4 13. Nac4 Bd3 14. 0-0-0 Bxf1 15. Rhxf1 Nf6 16. f3 Kc7 17. Ne4 b5 18. Rxd4 bxa4 19. Rxd8 Rxd8 20. Nc5 Rd4 21. Nxa6+ Kc8 22. b3 Nd7 23. a3 axb3 24. Nd2 Ra4 25. Nb4 Nxb4 26. axb4 Rxb4 27. Kb2 Kd8 28. Kc3 Rh4 29. Nxb3 Rxh2 30. Rf2 Ke7 31. Nd2 Rh6 32. Re2 Rc6+ 33. Kd3 Nc5+ 34. Ke3 Ne6 35. Kf2 f6 36. Nf1 Nd4 37. Re1 Rc2+ 38. Kg3 Rc1 39. Rxc1 Ne2+ 40. Kg4 Nxc1 41. Ng3 g6 42. f4 Ke6 43. f5+ gxf5+ 44. Kh5 e4 45. Nf1 f4 46. Kg4 Ke5 47. g3 f5+ 48. Kh3 e3 49. gxf4+ Kxf4 0-1